00417 2200169 4500001002100000008004100021035002000062245003500082100001700117260002400134300002000158020002200178084001400200082000800214650001000222990001500232INLIS000000000003242 ind  a0010-1225000063 aHeart Break MotelcIka Natassa aNatassa, Ika aJakarta :bGramedia a400c13,5x20 cm a978-602-06-5884-1 a813 NAT h a813 aFiksi a19717/B/26